All countries Taylor Swift has played in - Statistics

General Stats
  • This quiz has been taken 38 times
    15 since last reset
  • The average score is 22 of 29
Answer Stats
Answer % Correct
France
100%
Germany
100%
Italy
100%
United Kingdom
100%
United States
100%
Australia
92%
Canada
92%
Spain
92%
Argentina
83%
Austria
83%
Brazil
83%
China
83%
Japan
83%
Mexico
83%
Poland
83%
Portugal
83%
Sweden
83%
Ireland
75%
Norway
75%
Singapore
75%
Belgium
67%
New Zealand
67%
Switzerland
67%
The Netherlands
58%
Malaysia
50%
South Korea
50%
Bahamas
42%
Indonesia
42%
Philippines
33%
No matching quizzes found
Score Distribution
Percent of People with Each Score
Percentile by Number Answered
Your Score History
You have not taken this quiz since the last reset